Catalog

Record Details

Catalog Search



Available copies

  • 1 of 1 copy available at LARL/NWRL Consortium. (Show)
  • 1 of 1 copy available at Northwest Regional Library.

Current holds

0 current holds with 1 total copy.

Show Only Available Copies
Location Call Number / Copy Notes Barcode Shelving Location Status Due Date
Warroad Public Library BOOK-ON-CD WEI (Text) 35500005577349 Main Available -

Record details

  • ISBN: 9781543658026
  • ISBN: 1543658024
  • ISBN: 9781543671353
  • ISBN: 1543671357
  • Physical Description: 8 audio discs (8 hr., 59 min.) : CD audio, digital ... Read More
  • Edition: Unabridged.
  • Publisher: [Grand Haven, Michigan] : Brilliance Audio, [2017]

Content descriptions

General Note:
Compact discs.
Participant or Performer Note:
Performed by Rosario Dawson.
Summary, etc.:
Jazz Bashara is a criminal. Well, sort of. Life on ... Read More
Subject: Moon > Fiction.
Smuggling > Fiction.
Conspiracies > Fiction.
Genre: Science fiction.
Thrillers (Fiction)
Topic Heading: Audiobooks, Unabridged.
LDR 02149cim a2200553Ii 4500
001273338
003LARL_NWRL_CONSORTIUM
00520171208204933.0
007sd fsngnnmmneu
008170918s2017 miunnnne f n eng d
019 . ‡a996777386 ‡a1005679207
020 . ‡a9781543658026
020 . ‡a1543658024
020 . ‡a9781543671353 ‡q(library edition)
020 . ‡a1543671357 ‡q(library edition)
0243 . ‡a9781543658026
02842. ‡a11940371
035 . ‡a(OCoLC)1004241037 ‡z(OCoLC)996777386 ‡z(OCoLC)1005679207
037 . ‡a30cc84 ‡bBlackstone Publishing
037 . ‡a10cc84 ‡bBlackstone Publishing
037 . ‡a40cc84 ‡bBlackstone Publishing
040 . ‡aBLACP ‡beng ‡erda ‡cBLACP ‡dTOH ‡dOCLCF ‡dTEF ‡dBTCTA ‡dBDX ‡dKYC ‡dJDP ‡dBLACP ‡dTZI ‡dGZD
08204. ‡a813/.6 ‡223
099 . ‡aSF
1001 . ‡aWeir, Andy, ‡eauthor. ‡0(LARL_NWRL_CONSORTIUM)221216
24510. ‡aArtemis / ‡cAndy Weir.
250 . ‡aUnabridged.
264 1. ‡a[Grand Haven, Michigan] : ‡bBrilliance Audio, ‡c[2017]
300 . ‡a8 audio discs (8 hr., 59 min.) : ‡bCD audio, digital ; ‡c4 3/4 in.
336 . ‡aspoken word ‡bspw ‡2rdacontent
337 . ‡aaudio ‡bs ‡2rdamedia
338 . ‡aaudio disc ‡bsd ‡2rdacarrier
340 . ‡b4 3/4 in.
344 . ‡adigital ‡boptical ‡2rda
347 . ‡aaudio file ‡bCD audio ‡2rda
380 . ‡aSound recording
5110 . ‡aPerformed by Rosario Dawson.
500 . ‡aCompact discs.
520 . ‡aJazz Bashara is a criminal. Well, sort of. Life on Artemis, the first and only city on the moon, is tough if you're not a rich tourist or an eccentric billionaire. But everything changes when Jazz sees the chance to commit the perfect crime, with a reward too lucrative to turn down.
651 0. ‡aMoon ‡vFiction. ‡0(LARL_NWRL_CONSORTIUM)166221
650 0. ‡aSmuggling ‡vFiction. ‡0(LARL_NWRL_CONSORTIUM)167284
650 0. ‡aConspiracies ‡vFiction. ‡0(LARL_NWRL_CONSORTIUM)164235
655 7. ‡aScience fiction. ‡2lcgft
655 7. ‡aThrillers (Fiction) ‡2lcgft
690 . ‡aAudiobooks, Unabridged.
7001 . ‡aDawson, Rosario, ‡enarrator. ‡0(LARL_NWRL_CONSORTIUM)145143
7102 . ‡aBrilliance Audio (Firm) ‡0(LARL_NWRL_CONSORTIUM)147668
901 . ‡a273338 ‡b ‡c273338 ‡tbiblio

Additional Resources